Count me in! : (Record no. 20728)

MARC details
000 -LEADER
fixed length control field 02384cam a2200541Ii 4500
001 - CONTROL NUMBER
control field sjds1327863
003 - CONTROL NUMBER IDENTIFIER
control field sjds
005 - DATE AND TIME OF LATEST TRANSACTION
control field 20200712102931.0
008 - FIXED-LENGTH DATA ELEMENTS--GENERAL INFORMATION
fixed length control field 160922s2017 txua a 000 0 eng d
020 ## - INTERNATIONAL STANDARD BOOK NUMBER
International Standard Book Number 1941026702
Qualifying information (board book)
020 ## - INTERNATIONAL STANDARD BOOK NUMBER
International Standard Book Number 9781941026700
Qualifying information (board book)
035 ## - SYSTEM CONTROL NUMBER
System control number (OCoLC)959035853
035 ## - SYSTEM CONTROL NUMBER
System control number (OCoLC)ocn959035853
035 ## - SYSTEM CONTROL NUMBER
System control number 1321366
040 ## - CATALOGING SOURCE
Original cataloging agency YDX
Language of cataloging eng
Description conventions rda
Transcribing agency YDX
Modifying agency BDX
-- NFG
-- SAP
-- YVR
-- T3B
-- OCLCF
-- IFA
041 1# - LANGUAGE CODE
Language code of text/sound track or separate title eng
-- spa
Language code of original eng
049 ## - LOCAL HOLDINGS (OCLC)
Holding library IFAA
099 ## - LOCAL FREE-TEXT CALL NUMBER (OCLC)
Filing suffix 2017
100 1# - MAIN ENTRY--PERSONAL NAME
Personal name Weill, Cynthia,
Relator term author.
245 10 - TITLE STATEMENT
Title Count me in! :
Remainder of title a parade of Mexican folk art numbers in English and Spanish /
Statement of responsibility, etc. Cynthia Weill ; ceramics by the Aguilar sisters: Guillermina, Josefina, Irene and Concepción.
246 30 - VARYING FORM OF TITLE
Title proper/short title Parade of Mexican folk art numbers in English and Spanish
260 ## - PUBLICATION, DISTRIBUTION, ETC. (IMPRINT)
Place of publication, distribution, etc. [El Paso, TX] :
Name of publisher, distributor, etc. Cinco Puntos Press,
Date of publication, distribution, etc. 2017.
264 #1 - PRODUCTION, PUBLICATION, DISTRIBUTION, MANUFACTURE, AND COPYRIGHT NOTICE
Place of production, publication, distribution, manufacture [El Paso, TX] :
Name of producer, publisher, distributor, manufacturer Cinco Puntos Press,
Date of production, publication, distribution, manufacture, or copyright notice 2017.
300 ## - PHYSICAL DESCRIPTION
Extent 1 volume (unpaged) :
Other physical details color illustrations ;
Dimensions 20 cm.
336 ## - CONTENT TYPE
Content type term text
Content type code txt
Source rdacontent
336 ## - CONTENT TYPE
Content type term still image
Content type code sti
Source rdacontent
337 ## - MEDIA TYPE
Media type term unmediated
Media type code n
Source rdamedia
338 ## - CARRIER TYPE
Carrier type term volume
Carrier type code nc
Source rdacarrier
500 ## - GENERAL NOTE
General note Cover title.
500 ## - GENERAL NOTE
General note On board pages.
520 ## - SUMMARY, ETC.
Summary, etc. Figurines representing participants in the parade at the Guelaguetza festival held in Oaxaca, Mexico, introduce the numbers from one to ten in English and Spanish.
520 ## - SUMMARY, ETC.
Summary, etc. Las figuritas representan los participantes en un desfile del festival Guelaguetza en Oaxaca, México, introducen los números de uno a diez en inglés y español.
546 ## - LANGUAGE NOTE
Language note Parallel text in English and Spanish.
586 ## - AWARDS NOTE
Awards note A Junior Library Guild selection.
650 #0 - SUBJECT ADDED ENTRY--TOPICAL TERM
Topical term or geographic name as entry element Counting
Form subdivision Juvenile literature.
650 #7 - SUBJECT ADDED ENTRY--TOPICAL TERM
Topical term or geographic name as entry element Contar (Enumerar)
Form subdivision Literatura juvenil.
Source of heading or term bidex
650 #0 - SUBJECT ADDED ENTRY--TOPICAL TERM
Topical term or geographic name as entry element Numerals
Form subdivision Juvenile literature.
650 #7 - SUBJECT ADDED ENTRY--TOPICAL TERM
Topical term or geographic name as entry element Números
Form subdivision Literatura juvenil.
Source of heading or term bidex
650 #0 - SUBJECT ADDED ENTRY--TOPICAL TERM
Topical term or geographic name as entry element Parades
Form subdivision Juvenile literature.
650 #7 - SUBJECT ADDED ENTRY--TOPICAL TERM
Topical term or geographic name as entry element Desfiles
Form subdivision Literatura juvenil.
Source of heading or term bidex
650 #0 - SUBJECT ADDED ENTRY--TOPICAL TERM
Topical term or geographic name as entry element Spanish language materials
General subdivision Bilingual
Form subdivision Juvenile literature.
650 #7 - SUBJECT ADDED ENTRY--TOPICAL TERM
Topical term or geographic name as entry element Materiales bilingües en español
Form subdivision Literatura juvenil.
Source of heading or term bidex
700 1# - ADDED ENTRY--PERSONAL NAME
Personal name Aguilar, Guillermina,
Relator term artist.
700 1# - ADDED ENTRY--PERSONAL NAME
Personal name Aguilar, Josefina
Fuller form of name (Aguilar Alcántara),
Relator term artist.
700 1# - ADDED ENTRY--PERSONAL NAME
Personal name Aguilar, Irene
Fuller form of name (Aguilar Alcántara),
Relator term artist.
700 1# - ADDED ENTRY--PERSONAL NAME
Personal name Aguilar, Concepción,
Relator term artist.
942 ## - ADDED ENTRY ELEMENTS (KOHA)
Koha item type Libro/Book
Holdings
Withdrawn status Lost status Damaged status Not for loan Home library Current library Date acquired Inventory number Total Checkouts Barcode Date last seen Price effective from Koha item type Full call number Checked out Date checked out
        Azul y Blanco -- Satellite Azul y Blanco 08/01/2019 inventory date: 22-1-25 2 35200204 18/03/2026 08/01/2019 Libro/Book JES 22/04/2026 18/03/2026
        Las Brisas 1 -- Satellite Las Brisas 1 -- Satellite 14/05/2019 Inventory date: 7/4/25   40001775 14/05/2019 14/05/2019 Libro/Book JI    
        Las Brisas 1 -- Satellite Las Brisas 1 -- Satellite 24/07/2020     40002202 24/07/2020 24/07/2020 Libro/Book JI    
        Las Brisas 2 -- Satellite Las Brisas 2 -- Satellite 22/07/2020     40102226 22/07/2020 22/07/2020 Libro/Book JI    
        Las Marias -- Satellite Las Marias -- Satellite 12/07/2020 inventory date: 30/1/25   3600370 12/07/2020 12/07/2020 Libro/Book JI    
        San Juan Del Sur -- Biblioteca San Juan Del Sur -- Biblioteca 15/05/2019   4 30008971 03/01/2023 15/05/2019 Libro/Book     09/10/2019
        Zaragoza -- Satellite Zaragoza -- Satellite 08/01/2019 Inventory date: 7/7/25   35500840 08/01/2019 08/01/2019 Libro/Book      
        Zaragoza -- Satellite Zaragoza -- Satellite 27/01/2020     35500950 27/01/2020 27/01/2020 Libro/Book      

Powered by Koha